000 00445nam a2200169Ia 4500
008 230718s9999 xx 000 0 und d
041 _aeng
082 _a621.402'2
_bROY
100 _aRoy G.K.
245 _aFundamentals Of Heat And Mass Transfer
250 _a3rd ed.
260 _c2000
_bKhanna Publishers
300 _a391
_dRef 85 G (12305)
365 _cRs.
_b75.00
700 _aRoy G.K.
906 _dB:1075803-Feb-2001
_cARCHIT
_b11.25
999 _c301098
_d301098